<?xml version="1.0" encoding="UTF-8"?>
<record
    xmlns:xsi="http://www.w3.org/2001/XMLSchema-instance"
    xsi:schemaLocation="http://www.loc.gov/MARC21/slim http://www.loc.gov/standards/marcxml/schema/MARC21slim.xsd"
    xmlns="http://www.loc.gov/MARC21/slim">

  <leader>02653cam a2200313 i 4500</leader>
  <controlfield tag="001">a40229717</controlfield>
  <controlfield tag="003">SIRSI</controlfield>
  <controlfield tag="005">20250514093828.0</controlfield>
  <controlfield tag="008">211012t20222022enkad    b    001 0 eng d</controlfield>
  <datafield tag="020" ind1=" " ind2=" ">
    <subfield code="a">9781009010894</subfield>
  </datafield>
  <datafield tag="035" ind1=" " ind2=" ">
    <subfield code="a">(OCoLC)1274199318</subfield>
    <subfield code="z">(OCoLC)1275357070</subfield>
  </datafield>
  <datafield tag="040" ind1=" " ind2=" ">
    <subfield code="a">YDX</subfield>
    <subfield code="b">eng</subfield>
    <subfield code="e">rda</subfield>
    <subfield code="c">YDX</subfield>
    <subfield code="d">UKMGB</subfield>
    <subfield code="d">OCLCO</subfield>
    <subfield code="d">OCLCF</subfield>
    <subfield code="d">S#L</subfield>
    <subfield code="d">ZPX</subfield>
    <subfield code="d">CDX</subfield>
    <subfield code="d">BDX</subfield>
    <subfield code="d">OCL</subfield>
    <subfield code="d">HF9</subfield>
    <subfield code="d">Z83</subfield>
    <subfield code="d">GSU</subfield>
    <subfield code="d">UtOrBLW</subfield>
  </datafield>
  <datafield tag="041" ind1=" " ind2=" ">
    <subfield code="a">eng</subfield>
  </datafield>
  <datafield tag="050" ind1=" " ind2="4">
    <subfield code="a">RM666.C266</subfield>
    <subfield code="b">C47 2022</subfield>
  </datafield>
  <datafield tag="100" ind1=" " ind2=" ">
    <subfield code="a">Cermak, Timmen L.</subfield>
    <subfield code="e">author</subfield>
    <subfield code="9">25226</subfield>
  </datafield>
  <datafield tag="245" ind1="1" ind2="0">
    <subfield code="a">Marijuana on my mind</subfield>
    <subfield code="b">: the science and mystique of cannabis</subfield>
    <subfield code="c">/ Timmen L. Cermak, MD.</subfield>
  </datafield>
  <datafield tag="260" ind1=" " ind2=" ">
    <subfield code="a">Cambridge :</subfield>
    <subfield code="b">Cambridge University Press,</subfield>
    <subfield code="c">2022.</subfield>
  </datafield>
  <datafield tag="300" ind1=" " ind2=" ">
    <subfield code="a">xvii, 322 pages :</subfield>
    <subfield code="b">illustrations, charts ;</subfield>
    <subfield code="c">20 cm.</subfield>
  </datafield>
  <datafield tag="504" ind1=" " ind2=" ">
    <subfield code="a">Includes bibliographical references (pages 308-312) and index.</subfield>
  </datafield>
  <datafield tag="505" ind1="0" ind2=" ">
    <subfield code="a">The science and mystique of cannabis &#x2014; The plant, its history, and its products &#x2014; The brain and its natural cannabinoid chemistry &#x2014; The plant's impact on the brain and experience &#x2014; Putting cannabis in perspective &#x2014; Cannabis culture and spirituality &#x2014; Medical cannabis, part I: cannabinoids with strong scientific evidence &#x2014; Medical cannabis, part II: cannabinoids with preliminary scientific evidence &#x2014; Medical cannabis, part III: CBD facts, fads, and possibilities &#x2014; When cannabinoid receptors disappear &#x2014; When addiction hijacks the brain's reward system &#x2014; Adolescents and cannabis &#x2014; Further consequences of using cannabis too frequently &#x2014; Treatment and recovery &#x2014; Public health and politics &#x2014; Epilogue: The future of cannabis.</subfield>
  </datafield>
  <datafield tag="520" ind1=" " ind2=" ">
    <subfield code="a">Marijuana is on everyone's mind. Why do so many people enjoy it? What is it doing in our brains? Is it safe for everyone to use? What should we be telling our children? What are the benefits of medical marijuana? How does CBD live up to its hype? Does marijuana have spiritual power? And with so much conflicting information out there, how do we begin to make up our own minds about cannabis? Marijuana On My Mind is for anyone who has ever experienced the mystique of cannabis or wondered exactly how cannabis works. With over 40 years of clinical experience, Dr Timmen Cermak uses science to make sense of the endless debate between advocates and opponents of cannabis and provides answers to some of the greatest mysteries surrounding marijuana.</subfield>
  </datafield>
  <datafield tag="650" ind1=" " ind2="0">
    <subfield code="a">Marijuana</subfield>
    <subfield code="9">25227</subfield>
  </datafield>
  <datafield tag="650" ind1=" " ind2="0">
    <subfield code="a">Marijuana</subfield>
    <subfield code="x">Therapeutic use</subfield>
    <subfield code="9">25228</subfield>
  </datafield>
  <datafield tag="650" ind1=" " ind2="0">
    <subfield code="a">Marijuana</subfield>
    <subfield code="x">Psychological aspects</subfield>
    <subfield code="9">25229</subfield>
  </datafield>
  <datafield tag="650" ind1=" " ind2="0">
    <subfield code="a">Marijuana</subfield>
    <subfield code="x">Physiological effect</subfield>
    <subfield code="9">25230</subfield>
  </datafield>
  <datafield tag="650" ind1=" " ind2="0">
    <subfield code="a">Marijuana</subfield>
    <subfield code="x">Social aspects</subfield>
    <subfield code="9">25231</subfield>
  </datafield>
  <datafield tag="650" ind1=" " ind2="0">
    <subfield code="a">Cannabis</subfield>
    <subfield code="0">https://id.nlm.nih.gov/mesh/D002188</subfield>
    <subfield code="9">25232</subfield>
  </datafield>
  <datafield tag="942" ind1=" " ind2=" ">
    <subfield code="2">lcc</subfield>
  </datafield>
  <datafield tag="952" ind1=" " ind2=" ">
    <subfield code="0">0</subfield>
    <subfield code="1">0</subfield>
    <subfield code="2">lcc</subfield>
    <subfield code="4">0</subfield>
    <subfield code="7">0</subfield>
    <subfield code="a">TBS</subfield>
    <subfield code="b">TBS</subfield>
    <subfield code="d">2025-05-14</subfield>
    <subfield code="l">0</subfield>
    <subfield code="o">RM666.C266 CER</subfield>
    <subfield code="p">B05748</subfield>
    <subfield code="r">2025-05-14</subfield>
    <subfield code="t">1</subfield>
    <subfield code="w">2025-05-14</subfield>
    <subfield code="y">1</subfield>
  </datafield>
  <datafield tag="999" ind1=" " ind2=" ">
    <subfield code="c">4661</subfield>
    <subfield code="d">4661</subfield>
  </datafield>
</record>
